000 00511nam a2200169Ia 4500
005 20250612014258.0
008 240331s9999 xx 000 0 und d
020 _a9559374605
082 _bAMU
_a307
100 _aAmunugama,S
245 0 _aSanskruthiya samajaya ha parisaraya
250 _a5th
260 _aColombo
_bNuwana mathdiya sewa
_c2007
300 _a268 p .,
500 _aA collection of essays based on a Sociological approach to identify Sri Lankan Culture , Society and Environment
942 _cL
999 _c5085
_d5085